| 000 | 00505nam a2200181Ia 4500 | ||
|---|---|---|---|
| 003 | GCL | ||
| 008 | 140319s9999 xx 000 0 ara d | ||
| 040 |
_aGCL / _cGCL |
||
| 082 | 0 | 4 |
_a301.32 _bع م |
| 100 | 1 | _aعبدالمجيد فراج | |
| 245 | 1 | 0 |
_aالمسألة السكانية: التشخيص والعلاج / _cعبدالمجيد فراج |
| 300 | _a201 ص | ||
| 490 |
_a100 قصة _v0 |
||
| 650 | 0 | 4 | _aالاجتماع |
| 650 | 0 | 4 | _aالسكان |
| 650 | 0 | 4 | _aالتضخم |
| 942 |
_2ddc _cBK |
||
| 999 |
_c43782 _d43782 |
||